[Event "Titled Tuesday intern op 02nd Apr Early"]
[Site "Chess.com INT"]
[Date "2024.04.02"]
[Round "5"]
[White "Chernov, Alexander A"]
[Black "Hoffmann, Asa"]
[Result "0-1"]
[WhiteElo "2314"]
[BlackElo "2185"]
[PlyCount "66"]
[EventDate "2024.04.02"]
[EventType "swiss (blitz)"]
[EventRounds "11"]
[EventCountry "USA"]
[SourceTitle "CB15_2024"]
[SourceDate "2024.04.10"]
[SourceVersion "1"]
[SourceVersionDate "2024.04.10"]
[SourceQuality "1"]

1. d4 Nf6 2. Nf3 d6 3. Nc3 c6 4. e4 Bg4 5. Be2 e6 6. h3 Bh5 7. Nh4 Bxe2 8. Qxe2 Be7 9. Nf3 d5 10. 0-0 a6 11. Bf4 0-0 12. Rad1 b5 13. e5 Nfd7 14. Nb1 c5 15. c3 Nc6 16. Rfe1 Rc8 17. Nbd2 c4 18. Nf1 b4 19. Ng3 Qa5 20. Qe3 Qxa2 21. Nh5 Qxb2 22. Rc1 bxc3 23. Nh2 c2 24. Nf3 Nb4 25. Bh6 g6 26. Bg5 Qb3 27. Qf4 Nd3 28. Qh4 Bb4 29. Nf6+ Nxf6 30. Bxf6 h5 31. Qg5 Kh7 32. Qh4 Rh8 33. Ng5+ Kg8 0-1

[Event "Titled Tuesday intern op 13th Feb Early"]
[Site "Chess.com INT"]
[Date "2024.02.13"]
[Round "8"]
[White "Chernov, Alexander A"]
[Black "Dovzik, Juri"]
[Result "1-0"]
[WhiteElo "2314"]
[BlackElo "2235"]
[PlyCount "49"]
[EventDate "2024.02.13"]
[EventType "swiss (blitz)"]
[EventRounds "11"]
[EventCountry "USA"]
[SourceTitle "CB08_2024"]
[SourceDate "2024.02.21"]
[SourceVersion "1"]
[SourceVersionDate "2024.02.21"]
[SourceQuality "1"]

1. d4 c5 2. d5 e6 3. Nc3 Nf6 4. e4 d6 5. Nf3 e5 6. Be2 g6 7. Nd2 Bg7 8. h4 h5 9. Nc4 a6 10. a4 b6 11. Bg5 Qc7 12. f4 Nfd7 13. f5 gxf5 14. exf5 Nf6 15. Bxf6 Bxf6 16. Ne4 Be7 17. f6 Bf8 18. Bxh5 Bf5 19. Bf3 Nd7 20. Ncd2 0-0-0 21. Qe2 Kb7 22. g4 Bxe4 23. Nxe4 c4 24. g5 Rc8 25. Kf2 1-0

[Event "Titled Tuesday intern op 13th Feb Early"]
[Site "Chess.com INT"]
[Date "2024.02.13"]
[Round "11"]
[White "Nikulina, Alena"]
[Black "Chernov, Alexander A"]
[Result "0-1"]
[WhiteElo "1844"]
[BlackElo "2314"]
[PlyCount "70"]
[EventDate "2024.02.13"]
[EventType "swiss (blitz)"]
[EventRounds "11"]
[EventCountry "USA"]
[SourceTitle "CB08_2024"]
[SourceDate "2024.02.21"]
[SourceVersion "1"]
[SourceVersionDate "2024.02.21"]
[SourceQuality "1"]

1. e4 d6 2. d4 Nf6 3. Nc3 Nbd7 4. Be3 e5 5. Nf3 c6 6. h3 Be7 7. Bc4 0-0 8. a4 exd4 9. Nxd4 Ne5 10. Bb3 Qc7 11. 0-0 Bd7 12. Nf5 Bxf5 13. exf5 d5 14. Bg5 Rfe8 15. Re1 Rad8 16. Qd2 Bd6 17. Ne2 Bc5 18. c3 Nh5 19. Nd4 Rc8 20. Bc2 Be7 21. f6 Nxf6 22. Nf5 Bc5 23. Nxg7 Kxg7 24. Bh6+ Kh8 25. Qg5 Nf3+ 26. gxf3 Rg8 27. Qxg8+ Rxg8+ 28. Kf1 Qh2 29. Ke2 Qxf2+ 30. Kd1 Qxf3+ 31. Kc1 Ne4 32. Kb1 Qf6 33. Be3 Bxe3 34. Rxe3 Qf4 35. Re1 Nd2+ 0-1

[Event "Titled Tuesday intern op 13th Feb Early"]
[Site "Chess.com INT"]
[Date "2024.02.13"]
[Round "1"]
[White "Parpiev, Isaak"]
[Black "Chernov, Alexander A"]
[Result "1-0"]
[WhiteElo "2285"]
[BlackElo "2314"]
[PlyCount "67"]
[EventDate "2024.02.13"]
[EventType "swiss (blitz)"]
[EventRounds "11"]
[EventCountry "USA"]
[SourceTitle "CB08_2024"]
[SourceDate "2024.02.21"]
[SourceVersion "1"]
[SourceVersionDate "2024.02.21"]
[SourceQuality "1"]

1. e4 d6 2. d4 Nf6 3. Nc3 Nbd7 4. g3 e5 5. Nge2 c6 6. Bg2 b5 7. a3 a6 8. 0-0 Be7 9. h3 0-0 10. f4 Bb7 11. g4 Nb6 12. b3 Qc7 13. Kh1 Nfd7 14. Be3 f6 15. Ng3 g6 16. Qd2 Rf7 17. Rad1 exd4 18. Bxd4 c5 19. Be3 Bf8 20. Bf3 Re8 21. Kg2 b4 22. axb4 cxb4 23. Nce2 a5 24. Nd4 Ba6 25. Rfe1 Nc5 26. Bf2 Bb7 27. h4 Qb8 28. Nb5 Nc8 29. g5 fxg5 30. hxg5 d5 31. e5 Ne6 32. Be3 Bc6 33. Nd4 Nxd4 34. Bxd4 1-0

[Event "Titled Tuesday intern op 13th Feb Early"]
[Site "Chess.com INT"]
[Date "2024.02.13"]
[Round "2"]
[White "Silva, Kaua Marques"]
[Black "Chernov, Alexander A"]
[Result "1-0"]
[WhiteElo "2215"]
[BlackElo "2314"]
[PlyCount "87"]
[EventDate "2024.02.13"]
[EventType "swiss (blitz)"]
[EventRounds "11"]
[EventCountry "USA"]
[SourceTitle "CB08_2024"]
[SourceDate "2024.02.21"]
[SourceVersion "1"]
[SourceVersionDate "2024.02.21"]
[SourceQuality "1"]

1. e4 d6 2. d4 Nf6 3. Nc3 Nbd7 4. Nf3 e5 5. Bc4 Be7 6. g4 h6 7. Rg1 c6 8. dxe5 Nxe5 9. Nxe5 dxe5 10. Qf3 b5 11. Bb3 Qc7 12. h4 Bc5 13. g5 hxg5 14. Bxg5 Nh5 15. 0-0-0 f6 16. Be3 Bxe3+ 17. Qxe3 Bd7 18. Qc5 0-0-0 19. a4 a6 20. Na2 Kb7 21. Kb1 Qb6 22. Qe7 Qc7 23. Rd3 Nf4 24. Rd2 Bc8 25. Rxg7 Qxe7 26. Rxe7+ Kb6 27. Rxd8 Rxd8 28. Nb4 a5 29. Nd3 Nxd3 30. cxd3 Rxd3 31. Ka2 Rh3 32. Rh7 Rh2 33. h5 bxa4 34. Bf7 Bg4 35. h6 Bf3 36. Bg6 Rxf2 37. Rh8 Bd1 38. Rb8+ Ka7 39. h7 Bb3+ 40. Ka3 Rf1 41. Ra8+ Kb6 42. Rb8+ Kc5 43. Rxb3 Rh1 44. Kxa4 1-0

[Event "Titled Tuesday intern op 13th Feb Early"]
[Site "Chess.com INT"]
[Date "2024.02.13"]
[Round "10"]
[White "Yagupov, Igor"]
[Black "Chernov, Alexander A"]
[Result "1-0"]
[WhiteElo "2290"]
[BlackElo "2314"]
[PlyCount "73"]
[EventDate "2024.02.13"]
[EventType "swiss (blitz)"]
[EventRounds "11"]
[EventCountry "USA"]
[SourceTitle "CB08_2024"]
[SourceDate "2024.02.21"]
[SourceVersion "1"]
[SourceVersionDate "2024.02.21"]
[SourceQuality "1"]

1. Nf3 d5 2. d4 c5 3. c4 e6 4. cxd5 exd5 5. Nc3 Nc6 6. g3 Nf6 7. Bg2 Be7 8. 0-0 0-0 9. Bg5 cxd4 10. Nxd4 h6 11. Be3 Re8 12. Qb3 Na5 13. Qc2 Bg4 14. h3 Bh5 15. Rad1 Rc8 16. Nf5 Bb4 17. g4 Bg6 18. Bd4 h5 19. Qa4 Bxc3 20. Bxc3 Nc6 21. Nxg7 Rxe2 22. Nxh5 Bxh5 23. gxh5 Ne4 24. Bxe4 Rxe4 25. Qxe4 dxe4 26. Rxd8+ Rxd8 27. Kh2 Kh7 28. Rg1 Kh6 29. Rg7 Rd7 30. Kg3 Kxh5 31. Kf4 Ne7 32. Bf6 Nd5+ 33. Ke5 Nxf6 34. Kxf6 Rd6+ 35. Kf5 Rd5+ 36. Kxe4 Rd3 37. Kxd3 1-0

[Event "Barnaul Kura Memorial"]
[Site "Barnaul"]
[Date "2023.02.25"]
[Round "4"]
[White "Chernov, Alexander A"]
[Black "Grigoryev, Ivan D"]
[Result "1/2-1/2"]
[WhiteElo "2314"]
[BlackElo "1315"]
[PlyCount "113"]
[EventDate "2023.02.25"]
[EventType "swiss (rapid)"]
[EventRounds "11"]
[EventCountry "RUS"]
[SourceTitle "CBM 213 Extra"]
[Source "ChessBase"]
[SourceDate "2023.05.31"]
[SourceVersion "1"]
[SourceVersionDate "2023.05.31"]
[SourceQuality "1"]

1. e4 c5 2. c3 d5 3. exd5 Qxd5 4. d4 Nf6 5. Nf3 Nc6 6. Be3 cxd4 7. cxd4 e6 8. Nc3 Qd8 9. Bc4 Be7 10. 0-0 0-0 11. a3 b6 12. d5 Na5 13. Ba2 exd5 14. Nxd5 Nxd5 15. Qxd5 Bb7 16. Qh5 g6 17. Qg4 Bf6 18. Rad1 Qe7 19. b4 Nc6 20. Rd7 Bc8 21. Rxe7 Bxg4 22. Rc7 Rac8 23. Rxc8 Rxc8 24. Ng5 Nd8 25. h3 Be2 26. Re1 Rc2 27. Bd5 Bc4 28. Ne4 Be7 29. Rd1 Bxd5 30. Rxd5 Rc7 31. Bf4 Rc4 32. f3 Ne6 33. Be5 Bh4 34. Nf6+ Bxf6 35. Bxf6 Rc7 36. f4 h6 37. g4 Rc1+ 38. Kf2 Rc2+ 39. Ke1 Rc1+ 40. Kd2 Rc8 41. f5 gxf5 42. gxf5 Nf4 43. Rd7 a6 44. h4 Nh5 45. Be5 Re8 46. Rd5 Ng7 47. Bxg7 Kxg7 48. Rd6 Rb8 49. h5 a5 50. f6+ Kf8 51. b5 Ke8 52. Kd3 Rd8 53. Rxd8+ Kxd8 54. Kd4 Kc7 55. Kd5 Kd7 56. Kd4 Ke8 57. Kd3 1/2-1/2

[Event "Barnaul Kura Memorial"]
[Site "Barnaul"]
[Date "2023.02.25"]
[Round "5"]
[White "Kozyrev, Alexey A"]
[Black "Chernov, Alexander A"]
[Result "0-1"]
[WhiteElo "1263"]
[BlackElo "2314"]
[PlyCount "81"]
[EventDate "2023.02.25"]
[EventType "swiss (rapid)"]
[EventRounds "11"]
[EventCountry "RUS"]
[SourceTitle "CBM 213 Extra"]
[Source "ChessBase"]
[SourceDate "2023.05.31"]
[SourceVersion "1"]
[SourceVersionDate "2023.05.31"]
[SourceQuality "1"]

1. d4 Nf6 2. Nc3 d5 3. Bg5 c6 4. e3 h6 5. Bh4 Bf5 6. Bxf6 exf6 7. Bd3 Bxd3 8. Qxd3 Bb4 9. Nge2 0-0 10. 0-0 Nd7 11. a3 Bd6 12. e4 Nb6 13. a4 Rc8 14. b3 Re8 15. a5 dxe4 16. Nxe4 Nd5 17. c3 a6 18. b4 Qc7 19. Nxd6 Qxd6 20. Rfe1 Re6 21. Ng3 Rce8 22. Rxe6 Qxe6 23. Qd2 f5 24. c4 Nf6 25. Qd3 f4 26. Nf1 Qd6 27. Rb1 Rd8 28. d5 cxd5 29. c5 Qe5 30. Nd2 Ne4 31. Nf3 Qc3 32. Qd4 Qc2 33. Re1 g5 34. h3 Re8 35. Qxd5 Qxf2+ 36. Kh2 Qg3+ 37. Kg1 Qf2+ 38. Kh2 Qg3+ 39. Kg1 Qf2+ 40. Kh2 Qg3+ 41. Kg1 0-1

[Event "Titled Tuesday intern op 08th Mar Early"]
[Site "Chess.com INT"]
[Date "2022.03.08"]
[Round "2"]
[White "Chernov, Alexander A"]
[Black "Shuvalov, Evgenij"]
[Result "0-1"]
[WhiteElo "2314"]
[BlackElo "2182"]
[PlyCount "38"]
[EventDate "2022.03.08"]
[EventType "swiss (blitz)"]
[EventRounds "11"]
[EventCountry "USA"]
[SourceTitle "CBM 207 Extra"]
[Source "ChessBase"]
[SourceDate "2022.05.31"]
[SourceVersion "1"]
[SourceVersionDate "2022.05.31"]
[SourceQuality "1"]

1. e4 e6 2. d4 d5 3. Nd2 c5 4. exd5 exd5 5. Ngf3 Nc6 6. Bb5 Qe7+ 7. Be2 Qc7 8. 0-0 Nf6 9. Re1 Be6 10. Bb5 0-0-0 11. c3 Bg4 12. Be2 h5 13. dxc5 Bxc5 14. Nb3 Bd6 15. Nbd4 Nxd4 16. cxd4 Bxf3 17. Bxf3 Bxh2+ 18. Kh1 Ng4 19. Bg5 Nxf2# 0-1

[Event "Titled Tuesday intern op 11th Jan"]
[Site "Chess.com INT"]
[Date "2022.01.11"]
[Round "4"]
[White "Chizhikov, Vladislav"]
[Black "Chernov, Alexander A"]
[Result "1-0"]
[WhiteElo "2279"]
[BlackElo "2314"]
[PlyCount "73"]
[EventDate "2022.01.11"]
[EventType "swiss (blitz)"]
[EventRounds "11"]
[EventCountry "USA"]
[SourceTitle "CBM 206 Extra"]
[Source "ChessBase"]
[SourceDate "2022.03.31"]
[SourceVersion "1"]
[SourceVersionDate "2022.03.31"]
[SourceQuality "1"]

1. e4 e5 2. Nf3 Nc6 3. Nc3 Nf6 4. Be2 d5 5. exd5 Nxd5 6. 0-0 Nxc3 7. bxc3 Bd6 8. d4 0-0 9. h3 Bf5 10. Bc4 Qf6 11. Rb1 Rab8 12. Rb5 exd4 13. cxd4 a6 14. Rd5 Nb4 15. Bg5 Qg6 16. Ra5 b6 17. Rxa6 Nxa6 18. Bxa6 Be4 19. Be3 Qh5 20. Be2 Qa5 21. Nd2 Bb7 22. Bc4 Qf5 23. Bd3 Qf6 24. Qh5 g6 25. Qh6 Qg7 26. Qh4 Rfe8 27. Ne4 Be7 28. Bg5 f5 29. Nf6+ Kh8 30. Re1 h6 31. Nxe8 Rxe8 32. Bxe7 Kh7 33. Qg3 Rxe7 34. Rxe7 Qxe7 35. Qe3 Qf6 36. Qe5 Qe6 37. Qxe6 1-0

[Event "Titled Tuesday intern op 21st Dec"]
[Site "Chess.com INT"]
[Date "2021.12.21"]
[Round "11"]
[White "Chernov, Alexander A"]
[Black "Buchenau, Frank"]
[Result "1-0"]
[WhiteElo "2314"]
[BlackElo "2265"]
[PlyCount "63"]
[EventDate "2021.12.21"]
[EventType "swiss (blitz)"]
[EventRounds "11"]
[EventCountry "USA"]
[SourceTitle "CBM 205 Extra"]
[Source "ChessBase"]
[SourceDate "2022.01.31"]
[SourceVersion "1"]
[SourceVersionDate "2022.01.31"]
[SourceQuality "1"]

1. e4 e6 2. d4 d5 3. Nd2 Nf6 4. e5 Nfd7 5. Bd3 c5 6. c3 b6 7. Ne2 Ba6 8. Bxa6 Nxa6 9. 0-0 b5 10. f4 g6 11. Nf3 h5 12. Be3 c4 13. b3 Nc7 14. a4 cxb3 15. Qxb3 bxa4 16. Qxa4 Be7 17. Rfb1 0-0 18. Bf2 Nb6 19. Qd1 Nc4 20. Qe1 a5 21. h3 a4 22. g4 hxg4 23. hxg4 Qd7 24. Ra2 Rfb8 25. Rba1 a3 26. Bh4 Rb2 27. Qg3 Rab8 28. Qh3 Rxa2 29. Rxa2 Rb2 30. Bf6 Bxf6 31. exf6 Rxa2 32. Ng5 1-0

[Event "Titled Tuesday intern op 21st Dec"]
[Site "Chess.com INT"]
[Date "2021.12.21"]
[Round "10"]
[White "Chernov, Alexander A"]
[Black "Franca, Willian Bento"]
[Result "1-0"]
[WhiteElo "2314"]
[BlackElo "2179"]
[PlyCount "45"]
[EventDate "2021.12.21"]
[EventType "swiss (blitz)"]
[EventRounds "11"]
[EventCountry "USA"]
[SourceTitle "CBM 205 Extra"]
[Source "ChessBase"]
[SourceDate "2022.01.31"]
[SourceVersion "1"]
[SourceVersionDate "2022.01.31"]
[SourceQuality "1"]

1. e4 d6 2. d4 Nf6 3. Nc3 g6 4. Bf4 c6 5. Qd2 Nbd7 6. Nf3 b5 7. a3 Bg7 8. e5 dxe5 9. dxe5 Nh5 10. 0-0-0 Nxf4 11. Qxf4 0-0 12. h4 Qc7 13. Re1 f6 14. h5 fxe5 15. Qh4 gxh5 16. Qxh5 Nf6 17. Qh4 Bf5 18. Nxe5 a5 19. g4 Be6 20. Bd3 h6 21. g5 hxg5 22. Bh7+ Kh8 23. Ng6# 1-0

[Event "Titled Tuesday intern op 21st Dec"]
[Site "Chess.com INT"]
[Date "2021.12.21"]
[Round "5"]
[White "Chernov, Alexander A"]
[Black "Tomaszewski, Kacper"]
[Result "1/2-1/2"]
[WhiteElo "2314"]
[BlackElo "2307"]
[PlyCount "82"]
[EventDate "2021.12.21"]
[EventType "swiss (blitz)"]
[EventRounds "11"]
[EventCountry "USA"]
[SourceTitle "CBM 205 Extra"]
[Source "ChessBase"]
[SourceDate "2022.01.31"]
[SourceVersion "1"]
[SourceVersionDate "2022.01.31"]
[SourceQuality "1"]

1. e4 g6 2. d4 Bg7 3. Nc3 d6 4. Nf3 Nd7 5. Be2 a6 6. 0-0 e6 7. Re1 Ne7 8. Be3 h6 9. Qd2 b6 10. Rad1 Bb7 11. Bd3 c5 12. Bf1 cxd4 13. Bxd4 Ne5 14. Nxe5 dxe5 15. Be3 Qxd2 16. Rxd2 b5 17. f3 Nc6 18. Ne2 Bf8 19. Red1 Bb4 20. c3 Be7 21. Bb6 Bc8 22. Nc1 0-0 23. Nb3 Rb8 24. Bc5 Bxc5+ 25. Nxc5 b4 26. Nd7 Bxd7 27. Rxd7 bxc3 28. bxc3 Rb2 29. R1d2 Rb1 30. Kf2 Rc1 31. Bxa6 Rxc3 32. Rc7 Rb8 33. Bb7 Rxb7 34. Rxb7 Nd4 35. Rdb2 Kg7 36. a4 Ra3 37. R7b4 Nc6 38. Rc4 Na5 39. Rcb4 Nc6 40. Rc4 Na5 41. Rcb4 Nc6 1/2-1/2

[Event "Titled Tuesday intern op 21st Dec"]
[Site "Chess.com INT"]
[Date "2021.12.21"]
[Round "1"]
[White "Koellner, Ruben Gideon"]
[Black "Chernov, Alexander A"]
[Result "1-0"]
[WhiteElo "2428"]
[BlackElo "2314"]
[PlyCount "87"]
[EventDate "2021.12.21"]
[EventType "swiss (blitz)"]
[EventRounds "11"]
[EventCountry "USA"]
[SourceTitle "CBM 205 Extra"]
[Source "ChessBase"]
[SourceDate "2022.01.31"]
[SourceVersion "1"]
[SourceVersionDate "2022.01.31"]
[SourceQuality "1"]

1. d4 Nf6 2. Bg5 d5 3. e3 Nbd7 4. Nd2 h6 5. Bh4 c5 6. c3 e6 7. f4 Be7 8. Bd3 b6 9. Ngf3 Bb7 10. Bxf6 Nxf6 11. Ne5 0-0 12. Qf3 a5 13. g4 Nd7 14. Qh3 Nxe5 15. fxe5 Bh4+ 16. Ke2 Ba6 17. Bxa6 Rxa6 18. Nf3 Be7 19. Rag1 f6 20. g5 fxg5 21. Qxe6+ Kh8 22. h4 gxh4 23. Rg6 Bg5 24. Nxg5 hxg5 25. Rg1 Qc8 26. Qxc8 Rxc8 27. R1xg5 cxd4 28. exd4 Ra7 29. Rh5+ Kg8 30. Rxb6 Rf7 31. Rxh4 Rcf8 32. Rh2 Rf4 33. Rb5 Re4+ 34. Kd2 g5 35. Rxd5 g4 36. Rg2 Rf3 37. e6 Kf8 38. Re5 Rxe5 39. dxe5 g3 40. Ke2 Rf4 41. Rxg3 Ke7 42. Re3 Kxe6 43. Kd3 Rf2 44. Re2 1-0

[Event "Titled Tuesday intern op 14th Dec"]
[Site "Chess.com INT"]
[Date "2021.12.14"]
[Round "4"]
[White "Chernov, Alexander A"]
[Black "Miszler, Levente"]
[Result "0-1"]
[WhiteElo "2314"]
[BlackElo "2203"]
[PlyCount "48"]
[EventDate "2021.12.14"]
[EventType "swiss (blitz)"]
[EventRounds "11"]
[EventCountry "USA"]
[SourceTitle "EXT 2023"]
[Source "ChessBase"]
[SourceDate "2022.10.05"]
[SourceVersion "1"]
[SourceVersionDate "2022.10.05"]
[SourceQuality "1"]

1. e4 e6 2. d4 d5 3. exd5 exd5 4. c4 Nf6 5. Nc3 Bb4 6. cxd5 Nxd5 7. Bd2 0-0 8. Bd3 Nc6 9. Nge2 Bg4 10. 0-0 Nxd4 11. Nxd5 Bxd2 12. Qxd2 Nxe2+ 13. Bxe2 Bxe2 14. Rfe1 Bc4 15. Re5 c6 16. Ne7+ Kh8 17. Qc2 Qd3 18. Rc1 Qxc2 19. Rxc2 Bxa2 20. Rcc5 Be6 21. Rh5 g6 22. Rhe5 Rfe8 23. Nxc6 bxc6 24. Rxc6 Rac8 0-1

[Event "Titled Tuesday intern op 14th Dec"]
[Site "Chess.com INT"]
[Date "2021.12.14"]
[Round "7"]
[White "Polaczek, Richard"]
[Black "Chernov, Alexander A"]
[Result "1/2-1/2"]
[WhiteElo "2360"]
[BlackElo "2314"]
[PlyCount "67"]
[EventDate "2021.12.14"]
[EventType "swiss (blitz)"]
[EventRounds "11"]
[EventCountry "USA"]
[SourceTitle "EXT 2023"]
[Source "ChessBase"]
[SourceDate "2022.10.05"]
[SourceVersion "1"]
[SourceVersionDate "2022.10.05"]
[SourceQuality "1"]

1. d4 Nf6 2. Bg5 e6 3. e4 h6 4. Bxf6 Qxf6 5. c3 d6 6. Bd3 g5 7. Ne2 Bg7 8. 0-0 e5 9. Na3 a6 10. Nc2 Nc6 11. Ne3 Ne7 12. Ng3 h5 13. Nxh5 Qh6 14. g4 Ng6 15. Nd5 Kf8 16. Qf3 Nf4 17. Ndxf4 gxf4 18. h3 Bd7 19. dxe5 Bxe5 20. Bc4 Be8 21. Kh1 f6 22. Rg1 Ke7 23. Rad1 Bg6 24. Bd3 Raf8 25. Bc2 Bxh5 26. gxh5 Qxh5 27. Qxh5 Rxh5 28. Rd3 Rf7 29. Bd1 Rh4 30. Bg4 Rfh7 31. Bf5 Rf7 32. Bg4 Rfh7 33. Bf5 Rf7 34. Bg4 1/2-1/2

[Event "Titled Tuesday intern op 14th Dec"]
[Site "Chess.com INT"]
[Date "2021.12.14"]
[Round "11"]
[White "Shuvalov, Evgenij"]
[Black "Chernov, Alexander A"]
[Result "0-1"]
[WhiteElo "2182"]
[BlackElo "2314"]
[PlyCount "88"]
[EventDate "2021.12.14"]
[EventType "swiss (blitz)"]
[EventRounds "11"]
[EventCountry "USA"]
[SourceTitle "EXT 2023"]
[Source "ChessBase"]
[SourceDate "2022.10.05"]
[SourceVersion "1"]
[SourceVersionDate "2022.10.05"]
[SourceQuality "1"]

1. Nf3 d5 2. c4 e6 3. g3 Nf6 4. Bg2 Be7 5. b3 0-0 6. Bb2 c5 7. 0-0 d4 8. e3 Nc6 9. exd4 cxd4 10. Re1 Bc5 11. d3 Nd7 12. Na3 e5 13. Nc2 a5 14. Ba3 f6 15. Nh4 Bxa3 16. Nxa3 Nc5 17. f4 g5 18. Bd5+ Kg7 19. Ng2 Bf5 20. Bxc6 bxc6 21. fxe5 Nxd3 22. exf6+ Qxf6 23. Rf1 Qe5 24. c5 Bg6 25. Nc4 Qe4 26. Qd2 h6 27. Nxa5 Rae8 28. Nc4 Nxc5 29. Nd6 Qd5 30. Nxe8+ Rxe8 31. Rae1 Ne4 32. Qb4 c5 33. Qb6 Re7 34. Rc1 d3 35. Rcd1 Qd4+ 36. Kh1 Nf2+ 37. Rxf2 Qxf2 38. Qd6 Re2 39. Qd7+ Bf7 40. Rg1 d2 41. h4 Qxg3 42. hxg5 hxg5 43. Qf5 Rxg2 44. Rxg2 d1Q+ 0-1

[Event "Titled Tuesday intern op 07th Dec"]
[Site "Chess.com INT"]
[Date "2021.12.07"]
[Round "11"]
[White "Chernov, Alexander A"]
[Black "Zhuravleva, Olga"]
[Result "0-1"]
[WhiteElo "2314"]
[BlackElo "2278"]
[PlyCount "38"]
[EventDate "2021.12.07"]
[EventType "swiss (blitz)"]
[EventRounds "11"]
[EventCountry "USA"]
[SourceTitle "CBM 205 Extra"]
[Source "ChessBase"]
[SourceDate "2022.01.31"]
[SourceVersion "1"]
[SourceVersionDate "2022.01.31"]
[SourceQuality "1"]

1. d4 Nf6 2. Nc3 d5 3. Bg5 e6 4. e4 dxe4 5. Nxe4 Be7 6. Bxf6 Bxf6 7. Nf3 0-0 8. Bc4 b6 9. Qe2 Bb7 10. 0-0-0 Nd7 11. h4 Qe7 12. g4 Bxe4 13. Qxe4 Qb4 14. Bd3 g6 15. c3 Qa4 16. Kb1 c5 17. h5 Rfe8 18. hxg6 fxg6 19. Rxh7 Qxd1# 0-1

[Event "Titled Tuesday intern op 07th Dec"]
[Site "Chess.com INT"]
[Date "2021.12.07"]
[Round "3"]
[White "Di Nicolantonio, Lucas"]
[Black "Chernov, Alexander A"]
[Result "1-0"]
[WhiteElo "2431"]
[BlackElo "2314"]
[PlyCount "55"]
[EventDate "2021.12.07"]
[EventType "swiss (blitz)"]
[EventRounds "11"]
[EventCountry "USA"]
[SourceTitle "CBM 205 Extra"]
[Source "ChessBase"]
[SourceDate "2022.01.31"]
[SourceVersion "1"]
[SourceVersionDate "2022.01.31"]
[SourceQuality "1"]

1. d4 Nf6 2. Bg5 d5 3. Bxf6 gxf6 4. e3 Bf5 5. g3 e6 6. Bd3 Bxd3 7. Qxd3 c5 8. Ne2 Qb6 9. Nbc3 Nc6 10. 0-0 c4 11. Qd2 f5 12. Rab1 h5 13. h4 Be7 14. Nf4 a6 15. Kh2 Qc7 16. Nce2 b5 17. b3 Qd8 18. bxc4 bxc4 19. Rb7 Rb8 20. Rfb1 Qc8 21. Rxb8 Nxb8 22. Qa5 Kf8 23. Qb6 Kg7 24. Qb7 Qxb7 25. Rxb7 Bd6 26. Nxe6+ Kf6 27. Ng5 Rf8 28. Nh7+ 1-0

[Event "Titled Tuesday intern op 24th Aug"]
[Site "Chess.com INT"]
[Date "2021.08.24"]
[Round "6"]
[White "Andrejevs, Arvids"]
[Black "Chernov, Alexander A"]
[Result "1-0"]
[WhiteElo "2204"]
[BlackElo "2314"]
[PlyCount "99"]
[EventDate "2021.08.24"]
[EventType "swiss (blitz)"]
[EventRounds "11"]
[EventCountry "USA"]
[SourceTitle "EXT 2022"]
[Source "ChessBase"]
[SourceDate "2021.10.06"]
[SourceVersion "1"]
[SourceVersionDate "2021.10.06"]
[SourceQuality "1"]

1. e4 c6 2. d4 d5 3. Nc3 dxe4 4. Nxe4 Bf5 5. Ng3 Bg6 6. h4 h6 7. Nf3 Nd7 8. h5 Bh7 9. Bd3 Bxd3 10. Qxd3 Qc7 11. 0-0 Ngf6 12. Re1 e6 13. c4 Bd6 14. Nf5 0-0 15. Nxh6+ gxh6 16. Bxh6 Nxh5 17. Ng5 Ndf6 18. Bxf8 Bxf8 19. g3 Bh6 20. Ne4 Rd8 21. Kg2 Bg7 22. Rh1 Nxe4 23. Qxe4 Rxd4 24. Qe3 Nxg3 25. Qxg3 Qxg3+ 26. Kxg3 Rxc4 27. Rac1 Rb4 28. b3 a5 29. Rh4 Rb5 30. Kf3 Rd5 31. Rg1 Kf8 32. Rhg4 Bc3 33. Rg8+ Ke7 34. Rb8 b5 35. Rb7+ Kf6 36. Rc7 Rc5 37. Rh1 Be5 38. Ra7 a4 39. bxa4 Rc3+ 40. Kg2 Ra3 41. Rh7 Bd4 42. Rhxf7+ Ke5 43. f4+ Ke4 44. Rae7 Rxa2+ 45. Kh3 e5 46. axb5 Ra3+ 47. Kg4 Ra2 48. bxc6 Rg2+ 49. Kh3 Rg1 50. fxe5 1-0

[Event "Titled Tuesday intern op 24th Aug"]
[Site "Chess.com INT"]
[Date "2021.08.24"]
[Round "8"]
[White "Chernov, Alexander A"]
[Black "Heinemann, Josefine"]
[Result "0-1"]
[WhiteElo "2314"]
[BlackElo "2296"]
[PlyCount "66"]
[EventDate "2021.08.24"]
[EventType "swiss (blitz)"]
[EventRounds "11"]
[EventCountry "USA"]
[SourceTitle "EXT 2022"]
[Source "ChessBase"]
[SourceDate "2021.10.06"]
[SourceVersion "1"]
[SourceVersionDate "2021.10.06"]
[SourceQuality "1"]

1. Nf3 Nf6 2. d4 g6 3. Nc3 d5 4. Bg5 Bg7 5. e3 0-0 6. Bd3 c5 7. 0-0 c4 8. Be2 Bf5 9. Re1 Nc6 10. Ne5 Nb4 11. Rc1 a6 12. a3 Nc6 13. Nxc6 bxc6 14. b3 cxb3 15. cxb3 Qd6 16. b4 a5 17. Qb3 axb4 18. axb4 Rfb8 19. b5 cxb5 20. Bxf6 Bxf6 21. Nxd5 Bg7 22. Nb4 Rb6 23. h3 h5 24. Rc5 Be6 25. Qc2 Bf6 26. Rc1 Kg7 27. Bf3 Ra4 28. Nd5 Bxd5 29. Rxd5 Qa3 30. Rd7 Rc4 31. Qxc4 bxc4 32. Rxc4 Rb1+ 33. Kh2 Qa2 0-1

[Event "Titled Tuesday intern op 24th Aug"]
[Site "Chess.com INT"]
[Date "2021.08.24"]
[Round "3"]
[White "Chernov, Alexander A"]
[Black "Sharapov, Evgeny"]
[Result "0-1"]
[WhiteElo "2314"]
[BlackElo "2380"]
[PlyCount "42"]
[EventDate "2021.08.24"]
[EventType "swiss (blitz)"]
[EventRounds "11"]
[EventCountry "USA"]
[SourceTitle "EXT 2022"]
[Source "ChessBase"]
[SourceDate "2021.10.06"]
[SourceVersion "1"]
[SourceVersionDate "2021.10.06"]
[SourceQuality "1"]

1. Nf3 c5 2. g3 Nc6 3. Bg2 e5 4. 0-0 g6 5. c4 Bg7 6. Nc3 d6 7. Ne1 Be6 8. d3 Nge7 9. Nc2 d5 10. cxd5 Nxd5 11. Ne3 Nde7 12. Nc4 0-0 13. Be3 b6 14. Rc1 Rc8 15. a4 Nd4 16. Re1 Nd5 17. Nxd5 Bxd5 18. Bxd4 exd4 19. Qd2 Bxg2 20. Kxg2 Qd5+ 21. e4 dxe3+ 0-1